000 00293nam a2200109Ia 4500
008 171211s9999 xx 000 0 und d
245 _aStandard Catalog Of Ruger Firearms
245 _cJerry Lee
260 _c2014
650 _xMilitary
856 _uhttp://down.ebook777.com/StaCatOfRugFir.pdf
999 _c348307
_d348307